Регионална библиотека "Любен Каравелов" - Русе

Приложна статистика (Запис номер 1874)

MARC детайли
000 -Лидер
Контролно поле с фиксирана дължина 01838nam a2200373 c 4500
003 - Код на организацията, давaща контролен номер
Контролно поле BLK
005 - Дата и час на последна редакция
Контролно поле 20180420213440.0
008 - Елементи от данни с фиксирана дължина
fixed length control field 180412b bul|||||r ||||||| ||bul||
010 ## - Наследен системен номер
LC control number KNG00002781000
020 ## - Международен стандартен номер на книга ISBN
Международен стандартен номер на книга ISBN 954-494-097-9
-- издат.: Унив. изд. Стопанство - на том(ч. 1)
040 ## - Източник на каталожния запис
Идентификатор на билиотеката - собственик на записа BLK
041 ## - Код за език
Код за езика на текст/звукозапис или на отделно заглавие Български
Код за езика КДБФ Български
080 ## - УДК
Текстов определител УДК Статистиката като наука. Теория на статистиката
УДК код - определител по УДК 311
УДК определител (035)
УДК - код + определител 311(035)
080 ## - УДК
Текстов определител УДК Обработка на статистическа информация
УДК код - определител по УДК 519.25
УДК определител (035)
УДК - код + определител 519.25(035)
100 1# - Редна дума - Автор
Автор Колев, Николай Вълчев
Авторска отговорност първи автор
R(LIN) 244938
139 ## - Редно поле
Редна дума Колев, Николай Вълчев и др.
Авторски знак Колев - К 78
245 10 - Сведения за заглавието
Заглавие Приложна статистика
Подзаглавни данни Ръководство : Ч. 1 -
Редно поле (дума) Николай Вълчев Колев; съавт. Пламен Николов Нейчев.
Том Ч. 1
257 ## - Страна на издаване
Страна на създаване/издаване България
260 ## - Област на издателските данни
-- София
Година на издаване 1993
300 ## - Физическа характеристика
Размери/Мащаб 24 см
380 ## - Жанр
Жанр Обществени науки
500 ## - Общи забележки
Забележка Изд. на УНСС - София ; Офс. изд.
650 #4 - Допълнително описание по предмет – тема
Основно описание – тема или топоним Статистически методи
9 (RLIN) 244940
650 #4 - Допълнително описание по предмет – тема
Основно описание – тема или топоним Математическа статистика - наръчници и ръководства
9 (RLIN) 244941
653 ## - Ключова дума – ненормативна
Ключова дума статистика
653 ## - Ключова дума – ненормативна
Ключова дума обработка на данни
700 1# - Други автори (авторска отговорност)
Лично име Нейчев, Пламен Николов
Автороска отговорност (Описва отношението между автора и произведението) съавт.
9 (RLIN) 244939
760 1# - Описание на основната серия
-- - на том(ч. 1)
Редна дума на основното описание Колев, Николай Вълчев
Място на издаване, издател и година Унив. изд. Стопанство, 1993
Страници - том 280 с. : с табл., диагр.
Забележка - том Съдържа и Програма PRISTAT 1 /П. Нейчев.
Заглавие Ч. 1
852 ## - Местоположение
Форматна сигнатура Цб 179737
856 4# - Електронен адрес и достъп
Електронен формат pdf - файл
Път до файла /url/
856 4# - Електронен адрес и достъп
Електронен формат pdf - файл
Път до файла /url/
942 ## - АРТИКУЛИ
Вид на библиотечния материал Книги
Скрит в OPAC Не
944 ## - СЪЗДАВАНЕ И РЕДАКЦИЯ на ЗАПИСА
Създаване/Редакция Създаване
Дата на регистрацията/редакция 15.01.2003
Служител, извършил регистрацията/редакцията Геновева_Генчева
944 ## - СЪЗДАВАНЕ И РЕДАКЦИЯ на ЗАПИСА
Създаване/Редакция Редакция
Дата на регистрацията/редакция 25.02.2004
Служител, извършил регистрацията/редакцията Милена_Ачева
999 ## - СИСТЕМНИ КОНТРОЛНИ НОМЕРА
Koha biblionumber 1874
Koha biblioitemnumber 1874
Наличности
Код за отписване Код за изгубен артикул Източник на класификационната схема Код за повреда Коз за рестрикции Код за отдаване Артикулен № Име на библиотеката - собственик Име на библиотеката, в която се намира в момента Статус (Текущо местоположение) Дата на вписване в системата Местоположение - отдел Цена в лева Инвентарен номер Систематично азбучна сигнатура Баркод Номер на екземпляра Цена в евро Служебна бележка Служебен тип на артикула
  Не е изгубен Universal Decimal Classification Не е повреден без рестрикции ползва се в читалня 3548 Регионална библиотека "Любен Каравелов" Русе Регионална библиотека "Любен Каравелов" Русе Хранилище 1993-01-01 Хранилище 0.92 603861 Цб 179737 120000603861 1 0.47 Дост: Dp Вид: Д N: 25 Дата: 01.01.1993 Дата инв: 10.06.2015 Бележки инв: Цб2015 Книги
Изтеглен Не е изгубен Universal Decimal Classification Не е повреден без рестрикции ползва се в читалня 3549 Регионална библиотека "Любен Каравелов" Русе Регионална библиотека "Любен Каравелов" Русе Читалня 1993-01-01 Читалня 3.22 606946 Ч 31/К 78 606946 2 1.65 Дост: Pk Вид: Ф N: стар фонд Дата: 01.01.1993 Дата инв: 22.03.2017 Бележки инв: Ч2017 Книги
Vip Innovations Ltd, Rousse, Bulgaria 2025